El Plan Anual Operativo: un instrumento para mejorar el desempeño institucional (Registro nro. 4123)
[ vista simple ]
| 000 -Cabecera | |
|---|---|
| Campo de control de longitud fija | 01139nam a22003737a 4500 |
| 005 - Fecha y hora de la última transacción | |
| Campo de control | 20250122144226.0 |
| 008 - Elementos de longitud fija--Información general | |
| Campo de control de longitud fija | 150324b xxu||||| |||| 00| 0 spa d |
| 020 ## - International Standard Book Number | |
| Número Internacional Estándar del Libro (ISBN) | 9789968557511 |
| 041 ## - Idioma | |
| Código de idioma | |
| 082 ## - Clasificación Decimal Dewey | |
| Número de clasificación | 658.401.2 M743p |
| 100 ## - Entrada principal--Autor personal | |
| Nombre personal | Monge Pacheco, Bernal |
| 9 (RLIN) | 27975 |
| 245 ## - Título propiamente dicho | |
| Título | El Plan Anual Operativo: un instrumento para mejorar el desempeño institucional |
| 260 ## - Pie de imprenta | |
| Lugar de publicación, distribución, etc. | Costa Rica |
| 260 ## - Pie de imprenta | |
| Nombre del editor, distribuidor, etc. | Didácticas Nexo |
| 260 ## - Pie de imprenta | |
| Fecha de publicación, distribución, etc. | 2014 |
| 300 ## - Descripción física | |
| Extensión | 69 páginas |
| 650 ## - Materia general | |
| Temática (materia general) | PLANEACION ESTRATÉGICA |
| 650 ## - Materia general | |
| Temática (materia general) | PLANIFICACION ESTRATEGICA |
| 650 ## - Materia general | |
| Temática (materia general) | DESEMPEÑO INSTITUCIONAL |
| 650 ## - Materia general | |
| Temática (materia general) | PLANIFICACIÓN INSTITUCIONAL |
| 650 ## - Materia general | |
| Temática (materia general) | PRESUPUESTO MODERNO |
| 650 ## - Materia general | |
| Temática (materia general) | PLAN OPERATIVO |
| 650 ## - Materia general | |
| Temática (materia general) | EJECUCIÓN PRESUPUESTARIA |
| 650 ## - Materia general | |
| Temática (materia general) | EJECUCIÓN FINANCIERA |
| 650 ## - Materia general | |
| Temática (materia general) | INSUMOS FUNDAMENTALES |
| 650 ## - Materia general | |
| Temática (materia general) | ELEMENTOS DEL PLAN ANUAL OPERATIVO |
| 650 ## - Materia general | |
| Temática (materia general) | DIAGNÓSTICO INSTITUCIONAL |
| 650 ## - Materia general | |
| Temática (materia general) | CRONOGRAMA DE EJECUCIÓN |
| 650 ## - Materia general | |
| Temática (materia general) | INDICADORES |
| 650 ## - Materia general | |
| Temática (materia general) | VINCULACIÓN PLA- PRESUPUESTO |
| 650 ## - Materia general | |
| Temática (materia general) | CONSTRUCCIÓN DE INDICADORES DE GESTIÓN |
| 942 ## - Punto de acceso adicional KOHA | |
| Tipo de ítem KOHA | Libro |
| Fuente del sistema de clasificación o colocación | Dewey Decimal Classification |
| Signatura completa | Código de barras | Programa Académico | Tipo de ítem |
|---|---|---|---|
| 658.401.2 M743p | 19346 | Libro |